[Event "URS-chT Republics (Women) 2nd Group2"]
[Site "Azov"]
[Date "1991.??.??"]
[Round "6"]
[White "Efremova, Svetlana"]
[Black "Pudkova, Tatiana N"]
[Result "1/2-1/2"]
[WhiteElo "2250"]
[BlackElo "2150"]
[PlyCount "114"]
[EventDate "1991.??.??"]
[EventType "team-tourn"]
[EventRounds "6"]
[EventCountry "URS"]
[SourceTitle "EXT 2020"]
[Source "ChessBase"]
[SourceDate "2019.10.17"]
[SourceVersion "1"]
[SourceVersionDate "2019.10.17"]
[SourceQuality "1"]
[WhiteTeam "Leningrad (W)"]
[BlackTeam "Kyrgyzstan (W)"]
[WhiteTeamCountry "RUS"]
[BlackTeamCountry "KGZ"]

1. e4 e6 2. d4 d5 3. Nd2 a6 4. Ngf3 c5 5. exd5 exd5 6. dxc5 Bxc5 7. Bd3 Nf6 8. 0-0 0-0 9. h3 Nc6 10. c3 Qd6 11. Nb3 Bb6 12. Re1 Bxh3 13. gxh3 Qg3+ 14. Kh1 Qxh3+ 15. Nh2 Bxf2 16. Qf3 Qxf3+ 17. Nxf3 Bxe1 18. Nxe1 Rfe8 19. Nf3 Ne4 20. Kg2 h6 21. Nbd4 Nxd4 22. Nxd4 Nc5 23. Bf1 Rad8 24. Bd2 Kh7 25. b4 Ne4 26. Be1 g6 27. b5 axb5 28. Nxb5 f5 29. Rd1 Rd7 30. Bc4 Red8 31. Bb3 g5 32. Nd4 Kg6 33. Ne6 Re8 34. Ba4 Rxe6 35. Bxd7 Re7 36. Bb5 g4 37. Rxd5 Nf6 38. Rd1 f4 39. Bh4 Re6 40. Bd3+ Ne4 41. Re1 Kf5 42. Bf2 h5 43. Rb1 f3+ 44. Kg1 Rd6 45. Bd4 Kf4 46. Rb4 Re6 47. Bf2 h4 48. Bxh4 Ke3 49. Rxe4+ Rxe4 50. Bxe4 Kxe4 51. Kf2 Kd3 52. Bf6 Kc4 53. a4 Kb3 54. Bd4 Kxa4 55. c4 Kb4 56. c5 Kc4 57. Be3 Kd3 1/2-1/2

[Event "URS-ch (Women)"]
[Site "Podolsk"]
[Date "1990.??.??"]
[Round "7"]
[White "Pudkova, Tatiana N"]
[Black "Borsuk, Angela"]
[Result "1/2-1/2"]
[WhiteElo "2130"]
[BlackElo "2165"]
[PlyCount "145"]
[EventDate "1990.??.??"]
[EventType "tourn"]
[EventRounds "17"]
[EventCountry "URS"]
[SourceTitle "TD"]
[Source "ChessBase"]
[SourceDate "1994.03.01"]
[SourceVersion "1"]
[SourceVersionDate "1994.03.01"]
[SourceQuality "1"]

1. d4 Nf6 2. Nf3 e6 3. e3 b6 4. Bd3 Bb7 5. 0-0 c5 6. b3 Be7 7. Bb2 0-0 8. c4 d6 9. Qe2 Nbd7 10. Nc3 cxd4 11. exd4 Re8 12. Rfd1 Rc8 13. Rac1 a6 14. h3 Rc7 15. Re1 Qa8 16. d5 e5 17. a4 Bf8 18. Bc2 g6 19. Qe3 Qd8 20. Ra1 Nh5 21. g3 Bg7 22. Qg5 Bf6 23. Qd2 Bg7 24. Qg5 Ndf6 25. Be4 Bc8 26. Kh2 Qd7 27. Ng1 Nxe4 28. Nxe4 f5 29. Nc3 f4 30. Ne4 Rf8 31. g4 Nf6 32. Qh4 Nxe4 33. Rxe4 Bf6 34. Qh6 Qd8 35. Nf3 g5 36. Rg1 Rg7 37. h4 gxh4 38. g5 Be7 39. g6 hxg6 40. Rxg6 Rff7 41. Nxe5 dxe5 42. Rxg7+ Rxg7 43. Bxe5 Bf8 44. Bxg7 Bxg7 45. Qg6 Bd7 46. d6 Qf6 47. Re8+ Bxe8 48. Qxe8+ Qf8 49. d7 Bf6 50. b4 Kg7 51. c5 bxc5 52. bxc5 Qxc5 53. d8Q Bxd8 54. Qxd8 Qxf2+ 55. Kh1 Qe1+ 56. Kh2 Qg3+ 57. Kh1 Qh3+ 58. Kg1 Qe3+ 59. Kh1 Qf3+ 60. Kg1 Qg4+ 61. Kh1 Qh3+ 62. Kg1 Qe3+ 63. Kh1 Qe4+ 64. Kh2 f3 65. Qd7+ Kf6 66. Qd6+ Kf5 67. Qf8+ Ke5 68. Qe7+ Kd5 69. Qb7+ Kd4 70. Qb4+ Kd3 71. Qb1+ Ke3 72. Qe1+ Kd4 73. Qb4+ 1/2-1/2

[Event "URS-ch (Women)"]
[Site "Podolsk"]
[Date "1990.??.??"]
[Round "5"]
[White "Pudkova, Tatiana N"]
[Black "Chelushkina, Irina"]
[Result "0-1"]
[WhiteElo "2130"]
[BlackElo "2370"]
[PlyCount "102"]
[EventDate "1990.??.??"]
[EventType "tourn"]
[EventRounds "17"]
[EventCountry "URS"]
[SourceTitle "TD"]
[Source "ChessBase"]
[SourceDate "1994.03.01"]
[SourceVersion "1"]
[SourceVersionDate "1994.03.01"]
[SourceQuality "1"]

1. Nf3 d5 2. c4 e6 3. g3 Nf6 4. Bg2 Be7 5. 0-0 0-0 6. b3 c5 7. Bb2 Nc6 8. e3 Re8 9. Qe2 a6 10. d3 b5 11. cxd5 exd5 12. d4 c4 13. Ne5 Bb7 14. Nd2 Rc8 15. Rfc1 Bb4 16. a3 c3 17. Bxc3 Bxc3 18. Rxc3 Nxd4 19. exd4 Rxc3 20. Ndf3 h6 21. Nh4 Qc7 22. Qd2 Rc8 23. Rf1 Rc1 24. Nf5 Rxf1+ 25. Bxf1 Ne4 26. Qe3 Rd8 27. f3 Ng5 28. h4 Nh7 29. Bd3 Nf8 30. Ng4 Bc8 31. Nfxh6+ Kh8 32. Ne5 Be6 33. Qf4 Rc8 34. Nhxf7+ Bxf7 35. Nxf7+ Kg8 36. Ne5 Qc1+ 37. Qxc1 Rxc1+ 38. Kf2 Rc3 39. a4 Rxb3 40. axb5 a5 41. Ke2 a4 42. Bc2 Rb2 43. Kd1 a3 44. Kc1 Ne6 45. Nc6 Nc7 46. f4 Kf8 47. Ne5 Rxb5 48. Bb1 Rb2 49. Bc2 Rb4 50. Bb1 Nb5 51. Nd3 Rb3 0-1

[Event "URS-chT Republics 16th Group1"]
[Site "Moscow"]
[Date "1983.07.15"]
[Round "1"]
[White "Pudkova, Tatiana N"]
[Black "Safranska, Anda"]
[Result "1-0"]
[WhiteElo "2150"]
[BlackElo "2305"]
[PlyCount "141"]
[EventDate "1983.07.15"]
[EventType "team-tourn"]
[EventRounds "5"]
[EventCountry "URS"]
[SourceTitle "EXT 2020"]
[Source "ChessBase"]
[SourceDate "2019.10.17"]
[SourceVersion "1"]
[SourceVersionDate "2019.10.17"]
[SourceQuality "1"]
[WhiteTeam "Kyrgyzstan"]
[BlackTeam "Latvia"]
[WhiteTeamCountry "KGZ"]
[BlackTeamCountry "LAT"]

1. Nf3 Nf6 2. b3 g6 3. Bb2 Bg7 4. g3 0-0 5. Bg2 d6 6. d4 Nbd7 7. 0-0 e5 8. dxe5 Ng4 9. Nbd2 dxe5 10. e4 Re8 11. h3 Ngf6 12. Re1 Nh5 13. Nc4 f6 14. Qd2 Nb6 15. Rad1 Be6 16. Qxd8 Raxd8 17. Na5 Bf8 18. a3 Rb8 19. Bf1 Ng7 20. Nh2 Be7 21. Ng4 Rf8 22. Ne3 Ne8 23. c4 c6 24. b4 Na4 25. Ba1 c5 26. b5 Bd8 27. Nb3 a6 28. Nd5 axb5 29. cxb5 Kg7 30. Rc1 b6 31. Red1 Nc7 32. Kg2 Nxd5 33. exd5 Bd7 34. Bc4 Ra8 35. d6 Ra7 36. Nd2 Re8 37. Re1 Kf8 38. Rb1 Bf5 39. Rbc1 Rd7 40. g4 Rxd6 41. gxf5 Rxd2 42. Red1 Rxd1 43. Rxd1 Be7 44. fxg6 hxg6 45. Rc1 Ra8 46. Bd5 Ra7 47. Rc4 Rd7 48. Bf3 e4 49. Rxe4 c4 50. Rxc4 Nc5 51. a4 Rd2 52. Bd4 Ra2 53. Bd1 Kg7 54. Bc2 Bd6 55. Be3 Be7 56. Bd4 Bd6 57. h4 Be7 58. Kf1 Bd6 59. Ke1 Nd7 60. Kd1 Be5 61. Be3 Ra3 62. Kd2 f5 63. Rc6 Nc5 64. Bxc5 bxc5 65. Rxc5 Bd4 66. Rc6 Bxf2 67. b6 Ra2 68. Kc3 Bxh4 69. Kb3 Ra1 70. Rc7+ Kh6 71. b7 1-0